LEADER 01327nam a2200313 a 4500 001 000000172424 003 CaOOAMICUS 005 20190726131447.0 008 190726s2018 enk u000 u eng r 020 $z978-1-107-54594-6* 032 $aLibriCat 040 $aPUL$bita 245 04$aThe Cambridge companion to Wittgenstein /$cedited by Hans Sluga, David G. Stern. 250 $a2a ed. 260 $aCambridge :$bCambridge University Press,$c©2018. 300 $aXI, 515 p. ;$c23 cm 490 1 $aCambridge companions to philosophy 504 $aBibliografia in nota. 600 14$aWittgenstein, Ludwig,$d1889-1951$xFilosofia.$0(OLS)http://pul/subject/2057 700 1 $aSluga, Hans.$0(OLS)http://pul/name/32670 700 1 $aStern, David G.$0(OLS)http://pul/name/32671 830 0$aCambridge companions to philosophy.$0(OLS)http://pul/title/42015 850 $aPUL 852 $aPUL$W1$xSL Filosofia 2$y80$mPhil A8 118$j196345$qStampati Altre Collocazioni$B201110$CPULBib$Z2$F201110 $H133130 $82 941 1 $a10 996 $6020$z978-1-107-54594-6*$9(OLS)http://pul/number/166506 996 $6245$aThe Cambridge companion to Wittgenstein$9(OLS)http://pul/title/60435 996 $6260$aCambridge :$bCambridge University Press$9(OLS)http://pul/publisher/50125 LEADER 01994nam a2200373 a 4500 001 000000126888 003 CaOOAMICUS 005 20111108122050.0 008 111108s2011 vc u000 u ita r 020 $a978-88-465-0736-5 040 $aPUL$bita 041 0 $aitaeng 082 04$a230 100 1 $aKorzeniowski, Ireneusz,$d1964-$0(OLS)http://pul/name/26695 245 13$aLa funzione dell'ermeneutica veritativa di Gaspare Mura nella teologia fondamentale :$bfede e ragione. Teologia e filosofia in dialogo /$cIreneusz Wojciech Korzeniowski ; prolusione di S. E. Rev. Mons. Rino Fisichella, premessa di S. Em.za Card. Gianfranco Ravasi, postfazione del Rev. Prof. Antonio Sabetta. 260 $aCittą del Vaticano :$bLateran University Press,$c2011. 300 $a479 p. ;$c24 cm. 490 1 $aProspettive (LUP) ;$v7 504 $aBibliografia: p. 409-468 ed indice. 546 $aPostfazione in inglese. 600 14$aMura, Gaspare.$0(OLS)http://pul/subject/37142 650 4$aTeologia fondamentale.$0(OLS)http://pul/subject/146 700 1 $aFisichella, Rino,$cvescovo.,$d1951-$0(OLS)http://pul/name/21522 700 1 $aRavasi, Gianfranco,$ccard.,$d1942-$0(OLS)http://pul/name/17144 700 1 $aSabetta, Antonio,$csacerdote,$d1972-$0(OLS)http://pul/name/49966 830 0$aProspettive (LUP) ;$v7.$0(OLS)http://pul/title/160293 850 $aPUL 852 $aPUL$W1$xSL Religione 3$y85$m230 COLL 2.7$j146714$qDDC 21$B145412$CPULBib$Z2$F145412 $H118391 $82 900 $aFisichella, Salvatore,$cvesc.$d1951-$921522 941 1 $a9 996 $6020$a978-88-465-0736-5$9(OLS)http://pul/number/148437 996 $6082$a230$9(OLS)http://pul/classification/368 996 $6245$aLa funzione dell'ermeneutica veritativa di Gaspare Mura nella teologia fondamentale :$bfede e ragione. Teologia e filosofia in dialogo$9(OLS)http://pul/title/160292 996 $6260$aCittą del Vaticano :$bLateran University Press$9(OLS)http://pul/publisher/74585